South Asia and the Great Powers (Record no. 330370)
[ view plain ]
| 000 -LEADER | |
|---|---|
| fixed length control field | nam a22 7a 4500 |
| 003 - CONTROL NUMBER IDENTIFIER | |
| control field | NUST |
| 005 - DATE AND TIME OF LATEST TRANSACTION | |
| control field | 20170622150621.0 |
| 008 - FIXED-LENGTH DATA ELEMENTS--GENERAL INFORMATION | |
| fixed length control field | 170622b xxu||||| |||| 00| 0 eng d |
| 020 ## - INTERNATIONAL STANDARD BOOK NUMBER | |
| International Standard Book Number | 9781784537531 |
| 040 ## - CATALOGING SOURCE | |
| Original cataloging agency | 0 |
| Transcribing agency | 0 |
| 082 ## - DEWEY DECIMAL CLASSIFICATION NUMBER | |
| Classification number | 327.54009051 |
| Author Mark | SOU 2017 |
| 245 00 - TITLE STATEMENT | |
| Title | South Asia and the Great Powers |
| Remainder of title | International Relations and Regional Security |
| Statement of responsibility, etc. | editor Sten Rynning |
| 260 ## - PUBLICATION, DISTRIBUTION, ETC. | |
| Place of publication, distribution, etc. | London |
| Name of publisher, distributor, etc. | I.B.Tauris |
| Date of publication, distribution, etc. | 2017 |
| 300 ## - PHYSICAL DESCRIPTION | |
| Extent | 320 p |
| Dimensions | 25cm |
| 500 ## - GENERAL NOTE | |
| General note | Photocopy book |
| 501 ## - WITH NOTE | |
| With note | Photocopy book |
| 505 ## - FORMATTED CONTENTS NOTE | |
| Formatted contents note | Foreign policy change in Pakistan: Uncertain Operations By Tughral Yamin |
| 520 ## - SUMMARY, ETC. | |
| Summary, etc. | In the wake of the international combat mission in Afghanistan, South Asia's security is becoming a factor of increasing importance both to local and more distant great powers: Pakistan, India, Iran, China and the US. Where the implications of war and peace are open to question, the possibility of change depends more on politics than economics. This book asks whether the region's great powers can overcome opposing interests and commit to political restraint. The concept of regional security is based on great power support for regional order. However, there are many pitfalls to consider: notably, the politics of contested nationalisms; the Asia-Pacific rivalry of China and the US; and India's inclinations to function-or be seen-as a benevolent hegemon for the region. Yet there are signs of renewed determination to move the region in new directions. While China's Silk Road projects are long-term regional investments that hinge on regional stability, the US is attempting to fashion new partnerships and India strives to reconcile regional differences to promote a peaceful environment. This book, as it sets out the emerging agendas of the great powers and local powers, makes a significant contribution to a better understanding of the international relations and diplomatic politics of South Asia. |
| 650 ## - SUBJECT ADDED ENTRY--TOPICAL TERM | |
| Topical term or geographic name entry element | South Asia -- Foreign relations -- 21st century. Diplomatic relations. South Asia. |
| 9 (RLIN) | 3123 |
| 942 ## - ADDED ENTRY ELEMENTS (KOHA) | |
| Source of classification or shelving scheme | |
| Koha item type | Book |
| Withdrawn status | Lost status | Source of classification or shelving scheme | Damaged status | Not for loan | Collection code | Permanent Location | Current Location | Shelving location | Date acquired | Total Checkouts | Full call number | Barcode | Date last seen | Price effective from | Koha item type |
|---|---|---|---|---|---|---|---|---|---|---|---|---|---|---|---|
| Centre for International Peace & Stability (CIPS) | Centre for International Peace & Stability (CIPS) | General Stacks | 04/11/2017 | 327.54009051 SOU 2017 | CIPS0002869 | 06/22/2017 | 06/22/2017 | Book |
